000 00561nam a2200193Ia 4500
005 20250508165636.0
008 008 250505s9999 xx 000 0 eng d
037 _aTextual
040 _aFEDL
_beng
_cFEDL
041 _aeng
_2eng
084 _a500, LAW
_qFEDL
245 0 _aExplore science : for the primary school 1
245 0 _cLawrence school. lovedale science department
260 _aNew Delhi, India
_bOxford University Press
_c2004
300 _a60p.
365 _aINR
_b50
942 _cTEXL
_h500, LAW
999 _c1396430
_d1396430